000 00637nam a2200181Ia 4500
001 8871
003 GE_BSU
008 181216s||||||||xx |||||||||||||| ||und||
040 _cGE_BSU
245 _aკარიბჭე :№5(247) 27 თებერვალი–12 მარტი2014
245 _bმართლმადიდებლური ჟურნალი.
245 _cმთავარი რედაქტორი: თამარ მამაცაშვილი.
260 _c2014
300 _a78გვ.18სმ.
653 _aკარიბჭე.
653 _aპერიოდიკა
942 _cCR
999 _c42178
_d42178